Κατάλογος Βιβλιοθηκών Mediterranean College

Οι Ηλικιωμένοι στην Ελλάδα / Στατιστική Ανάλυση των Κοινωνικοοικονομικών Χαρακτηριστικών Δοκίμια 6 (Record no. 5223)

MARC details
000 -LEADER
fixed length control field 02055cam a22001814a 4500
005 - ΗΜΕΡΟΜΗΝΙΑ ΚΑΙ ΩΡΑ ΤΕΛΕΥΤΑΙΑΣ ΕΝΗΜΕΡΩΣΗΣ
Πεδίο ελέγχου 20250605164207.0
008 - FIXED-LENGTH DATA ELEMENTS--GENERAL INFORMATION
Πεδίο ελέγχου σταθερού μήκους 250528s ||||||||||||||||||||||||d
035 ## - SYSTEM CONTROL NUMBER
System control number 20076
040 ## - ΠΗΓΗ ΚΑΤΑΛΟΓΟΓΡΑΦΗΣΗΣ
Φορέας πρωτότυπης καταλογογράφησης MC Athens Campus Library
Γλώσσα καταλογογράφησης Ελληνικά, Μοντέρνα (1453-)
Modifying agency MC Athens Campus Library
Κανόνες περιγραφικής καταλογογράφησης AACR2
245 1# - ΤΙΤΛΟΣ ΚΑΙ ΔΗΛΩΣΗ ΥΠΕΥΘΥΝΟΤΗΤΑΣ
Τίτλος Οι Ηλικιωμένοι στην Ελλάδα / Στατιστική Ανάλυση των Κοινωνικοοικονομικών Χαρακτηριστικών Δοκίμια 6
260 ## - PUBLICATION, DISTRIBUTION, ETC.
Name of publisher, distributor, etc. Κέντρο Προγραμματισμού Και Οικονομικών Ερευνών,
Date of publication, distribution, etc. 1984
300 ## - PHYSICAL DESCRIPTION
Extent 68
520 ## - SUMMARY, ETC.
Summary, etc. Οι Ηλικιωμένοι στον Πληθυσμό, Θέση των Ηλικιωμένων στην Αγορά Εργασίας, Οικογενειακή Κατάσταση των Ηλικιωμένων, Επίπεδο Εκπαίδευσης των Ηλικιωμένων, Συνθήκες Στέγασης των Ηλικιωμένων, Τα Οικονομικά των Ηλικιωμένων, Κατανομή Πληθυσμού Κατά Ηλικία και Φύλο, Ηλικιωμένοι Κατά Φύλο και Βαθμό Αστικότητας, Θέση των Ηλικιωμένων 65 Ετών και Άνω στην Αγορά Εργασίας, Οικογενειακή Κατάσταση Ηλικιωμένων κατά Ηλικία (Ποσοστά), Επίπεδο Εκπαίδευσης του Πληθυσμού και των Ηλικιωμένων, Επίπεδο Εκπαίδευσης Ανδρών Κατά Ηλικία, Επίπεδο Εκπαίδευσης Γυναικών Κατά Ηλικία, Κατανομή Νοικοκυριών Κατά Αριθμό Δωματίων, Εξοπλισμός Κατοικιών για Ομάδες Νοικοκυριών, Διαγράμματα, Νοικοκυριά Κατά Αριθμό Δωματίων Κατοικίας, Εξοπλισμός Κατοικιών για Ομάδες Νοικοκυριών (1974).
700 1# - ΠΡΟΣΘΕΤΗ ΑΝΑΓΡΑΦΗ--ΦΥΣΙΚΟ ΠΡΟΣΩΠΟ
Personal name Κανελλοπούλου Κ. Ν
9 (RLIN) 6131
942 ## - ADDED ENTRY ELEMENTS (KOHA)
Koha item type Books
Holdings
Τύπος τεκμηρίου Βιβλιοθήκη Τρέχουσα τοποθεσία Barcode Αριθμός εισαγωγής Ημερομηνία απόκτησης Ταξιθετικό σύμβολο Αριθμός αντιτύπου Κατάσταση απόσυρσης Κατάσταση χαμένου Κατάσταση κατεστραμμένου Μη δανεισμός Σύνολο δανεισμών Ημερομηνία τελευταίας εμφάνισης Η τιμή ισχύει από
Books MC Athens Campus Library MC Athens Campus Library 9780000052223 6289 05/06/2025 305.26 ΚΑΝ 1           05/06/2025 05/06/2025

MC Athens Campus Library
Πατησίων 94 & Κοδριγκτώνος 13, 104 34
Πελλήνης 8 & Πατησίων 107, 112 51
Τ: +30 210 8899600

MC Thessaloniki Campus Library
Ίωνος Δραγούμη 21, 54625 | Ίωνος Δραγούμη 15, 54625
Τ: +30 2310 287779 – Τ: +30 2314 440300